| Tag |
First Indicator |
Second Indicator |
Subfields |
| LEADER |
00000cam a2200000 4500 |
| 001 |
in00000764530 |
| 005 |
20151016171415.0 |
| 008 |
770322s1956 ilu 00000 eng |
| 010 |
|
|
|a 56009386
|
| 035 |
|
|
|a (OCoLC)02825460
|
| 035 |
|
|
|9 ADJ8918AM
|
| 040 |
|
|
|a DLC
|c DMM
|d OCL
|d m.c.
|d TXA
|d UtOrBLW
|
| 049 |
|
|
|a TXAM
|c [A11131405]
|
| 050 |
|
0 |
|a UA42
|b .C68
|
| 082 |
0 |
|
|a 355.351
|b C731w
|
| 110 |
2 |
|
|a Commerce Clearing House.
|
| 245 |
1 |
0 |
|a What you should know about the military reserve ;
|b helpful facts for employer & employee.
|
| 264 |
|
1 |
|a [Chicago],
|b [publisher not identified] ;
|c [1956]
|
| 300 |
|
|
|a 64 pages ;
|c 23 cm.
|
| 336 |
|
|
|a text
|b txt
|2 rdacontent
|
| 337 |
|
|
|a unmediated
|b n
|2 rdamedia
|
| 338 |
|
|
|a volume
|b nc
|2 rdacarrier
|
| 651 |
|
0 |
|a United States
|x Armed Forces
|x Reserves.
|
| 650 |
|
0 |
|a Draft
|z United States.
|
| 999 |
|
|
|a MARS
|
| 999 |
f |
f |
|s 4baa5cfc-fed3-3489-a3bc-854b138444fe
|i 816f9513-2d42-3d8d-9cc8-7a327ce3e29f
|t 0
|
| 952 |
f |
f |
|p ric
|a Texas A&M University
|b Rellis Campus
|c Joint Library Facility
|d Remote Storage
|t 0
|e UA42 .C68
|h Library of Congress classification
|i unmediated -- volume
|m A14811131405
|
| 998 |
f |
f |
|a UA42 .C68
|t 0
|l Remote Storage
|